000 00298nam a2200121Ia 4500
005 20251222141818.0
008 251222s9999||||xx |||||||||||||| ||spa||
082 _a869.57/N56
100 _aNieto Miranda, Luis
245 0 _aAntología Mínima
264 _bUniversidad Andina del Cusco
942 _cLIB
999 _c6689
_d6689